Statistics for Denver Nuggets Quiz

Click here to take the quiz!

General Stats

  • This quiz has been taken 41 times
  • The average score is 17 of 30

Answer Stats

Answer% Correct
Western
95%
2
86%
Skyline Blue
86%
Sunshine Yellow
86%
Midnight Blue
86%
0
84%
Denver, Colorado
84%
11
84%
Northwest
73%
1967
70%
12
70%
Alex English
70%
Michael Malone
68%
Pepsi Center
68%
55
59%
44
59%
Flatirons Red
59%
Dikembe Mutombo
59%
33
57%
David Thompson
51%
40
51%
Dan Issel
41%
Rockets
38%
Fat Lever
35%
Western Union
19%
Josh Kroenke
19%
Ann Walton Kroenke
19%
Doug Moe
8%
Byron Beck
8%
Artūras Karnišovas
5%

Score Distribution

Percentile by Number Answered

Percent of People with Each Score

Your Score History

You have not taken this quiz